000 00482nmm a2200169Ia 4500
008 251105s9999||||xx |||||||||||||||||und||
020 _a8470306251
041 _aspa
100 _aLocke, John
245 0 _aSegundo tratado sobre el gobierno
264 _a[Madrid, España] :
_bBiblioteca Nueva,
_c1999
300 _a200 páginas
490 _aClásicos del pensamiento
650 _aPhilosophy, Ethics
856 _uhttps://public.digitaliapublishing.com/a/4541
942 _cCF
999 _c73128
_d73128